Administración: liderazgo y colaboración en un mundo competitivo (Registro nro. 5167)
[ vista simple ]
| 000 -CABECERA | |
|---|---|
| campo de control de longitud fija | 01207aam a2200397 4500 |
| 005 - FECHA Y HORA DE ACTUALIZACIÓN | |
| campo de control | 20161213120600.0 |
| 008 - LONGITUD FIJA | |
| campo de control de longitud fija | 150507b xxu||||| |||| 00| 0 spa d |
| 041 ## - IDIOMA | |
| Código de idioma del texto/pista de sonido o título separado | |
| 082 ## - CLASIFICACIÓN DECIMAL DEWEY | |
| Número de clasificación | 658 B328ad8 |
| 100 ## - AUTOR PERSONAL | |
| Nombre de persona | Bateman, Thomas |
| 100 ## - AUTOR PERSONAL | |
| Nombre de persona | Snell, Scott |
| 245 ## - TÍTULO PROPIAMENTE DICHO | |
| Título | Administración: liderazgo y colaboración en un mundo competitivo |
| 250 ## - EDICIÓN | |
| Mención de edición | 8 edición |
| 260 ## - PIE DE IMPRENTA | |
| Lugar de publicación, distribución, etc. | México |
| Nombre del editor, distribuidor, etc. | McGraw-Hill |
| Fecha de publicación, distribución, etc. | 2009 |
| 300 ## - DESCRIPCIÓN FÍSICA | |
| Extensión | 690 páginas |
| 650 ## - Materia General | |
| Materia general | ADMINISTRACIÓN |
| 650 ## - Materia General | |
| Materia general | PLANEACIÓN ESTRATEGICA |
| 650 ## - Materia General | |
| Materia general | ORGANIZACIÓN |
| 650 ## - Materia General | |
| Materia general | CONTROL |
| 650 ## - Materia General | |
| Materia general | LIDERAZGO |
| 650 ## - Materia General | |
| Materia general | ETICA |
| 650 ## - Materia General | |
| Materia general | RESPONSABILIDAD CORPORATIVA |
| 650 ## - Materia General | |
| Materia general | EMPRENDEDOR |
| 650 ## - Materia General | |
| Materia general | MOTIVACIÓN |
| 650 ## - Materia General | |
| Materia general | TRABAJO EN EQUIPO |
| 650 ## - Materia General | |
| Materia general | DIRECCIÓN |
| 650 ## - Materia General | |
| Materia general | EVALUACIÓN DEL DESEMPEÑO |
| 650 ## - Materia General | |
| Materia general | CULTURA ORGANIZACIONAL |
| 650 ## - Materia General | |
| Materia general | TOMA DE DECISIONES |
| 650 ## - Materia General | |
| Materia general | ESTRUCTURA ORGANIZACIONAL |
| 650 ## - Materia General | |
| Materia general | ADMINISTRACIÓN DE RECURSOS HUMANOS |
| 650 ## - Materia General | |
| Materia general | FUERZA DE TRABAJO |
| 650 ## - Materia General | |
| Materia general | COMUNICACIÓN |
| 650 ## - Materia General | |
| Materia general | INNOVACIÓN |
| 942 ## - Punto de Acceso Adicional Koha | |
| Tipo de ítem Koha | Libro |
| Estado perdido | Estado dañado | No para préstamo | Biblioteca permanente | Biblioteca actual | Signatura completa | Código de barras | Precio efectivo a partir del | Tipo de ítem |
|---|---|---|---|---|---|---|---|---|
| Departamento de Biblioteca y Documentación Alfonso Chase Brenes | Departamento de Biblioteca y Documentación Alfonso Chase Brenes | 658 B328ad8 | 14185 | 10/02/2016 | Libro | |||
| Departamento de Biblioteca y Documentación Alfonso Chase Brenes | Departamento de Biblioteca y Documentación Alfonso Chase Brenes | 658 B328ad8 | 14186 | 10/02/2016 | Libro | |||
| Departamento de Biblioteca y Documentación Alfonso Chase Brenes | Departamento de Biblioteca y Documentación Alfonso Chase Brenes | 658 B328ad8 | 20784 | 04/03/2016 | Libro | |||
| Departamento de Biblioteca y Documentación Alfonso Chase Brenes | Departamento de Biblioteca y Documentación Alfonso Chase Brenes | 658 B328ad8 | 15057 | 01/02/2022 | Libro |